[Event "Amager-ch"]
[Site "Amager"]
[Date "2010.10.19"]
[Round "7"]
[White "Justesen, Martin"]
[Black "Varming, Thomas"]
[Result "0-1"]
[WhiteElo "1586"]
[BlackElo "1758"]
[PlyCount "62"]
[EventDate "2010.08.24"]
[EventType "swiss"]
[EventRounds "7"]
[EventCountry "DEN"]
[SourceTitle "EXT 2023"]
[Source "ChessBase"]
[SourceDate "2022.10.05"]
[SourceVersion "1"]
[SourceVersionDate "2022.10.05"]
[SourceQuality "1"]

1. e4 c6 2. d4 d5 3. Nc3 dxe4 4. Nxe4 Nf6 5. Ng3 h5 6. h4 Bg4 7. Be2 Qc7 8. Bxg4 Nxg4 9. N1e2 Nd7 10. Qd3 0-0-0 11. Qf5 Ngf6 12. Bg5 e6 13. Qf3 Bd6 14. Ne4 Rde8 15. Bxf6 Nxf6 16. Nxf6 gxf6 17. Qxf6 Rhg8 18. Qf3 Qa5+ 19. c3 e5 20. Qxh5 Qd5 21. Qf3 e4 22. Qh3+ Kb8 23. b3 f5 24. 0-0-0 f4 25. c4 Qa5 26. a4 e3 27. c5 exf2 28. Qf3 Re3 29. Qxf2 Bc7 30. Qe1 Qa6 31. Kc2 Rxe2+ 0-1

[Event "Amager CC-ch"]
[Site "Amager"]
[Date "2010.03.09"]
[Round "5"]
[White "Hansen, Benny"]
[Black "Justesen, Martin"]
[Result "0-1"]
[WhiteElo "1290"]
[BlackElo "1573"]
[PlyCount "67"]
[EventDate "2010.01.19"]
[EventType "swiss"]
[EventRounds "7"]
[EventCountry "DEN"]
[SourceTitle "EXT 2023"]
[Source "ChessBase"]
[SourceDate "2022.10.05"]
[SourceVersion "1"]
[SourceVersionDate "2022.10.05"]
[SourceQuality "1"]

1. e4 c5 2. Nf3 d6 3. d4 cxd4 4. Nxd4 Nf6 5. Nc3 a6 6. Be2 e5 7. Nb3 Be6 8. Be3 Be7 9. Qd3 b5 10. f4 Bc4 11. Qd2 Nc6 12. Bxc4 bxc4 13. Nc1 Qc8 14. f5 Qb7 15. N1e2 Na7 16. Ng3 Nb5 17. 0-0 Nxc3 18. Qxc3 Nxe4 19. Qxc4 Nxg3 20. hxg3 Rc8 21. Qd3 0-0 22. c3 Qxb2 23. Rfb1 Qxc3 24. Qxc3 Rxc3 25. Rb3 Rxb3 26. axb3 Ra8 27. Bb6 g6 28. fxg6 hxg6 29. Ra5 f5 30. Kf2 Kf7 31. Kf3 Rc8 32. Rxa6 Rc3+ 33. Be3 Bg5 34. Rxd6 0-1

[Event "Amager CC-ch"]
[Site "Amager"]
[Date "2009.04.07"]
[Round "4"]
[White "Justesen, Martin"]
[Black "Moller, Arne Vagn"]
[Result "0-1"]
[WhiteElo "1467"]
[BlackElo "1764"]
[PlyCount "62"]
[EventDate "2009.01.20"]
[EventType "swiss"]
[EventRounds "9"]
[EventCountry "DEN"]
[SourceTitle "EXT 2023"]
[Source "ChessBase"]
[SourceDate "2022.10.05"]
[SourceVersion "1"]
[SourceVersionDate "2022.10.05"]
[SourceQuality "1"]

1. e4 c5 2. Nf3 d6 3. d4 cxd4 4. Nxd4 Nf6 5. Nc3 a6 6. f4 Qc7 7. Be2 e6 8. a4 Nc6 9. Be3 Be7 10. 0-0 0-0 11. Qe1 Bd7 12. Qg3 Rac8 13. f5 Nxd4 14. Bxd4 exf5 15. exf5 Bc6 16. Be3 Rfe8 17. Bh6 Bf8 18. Bg5 d5 19. Qxc7 Rxc7 20. Bxf6 gxf6 21. Bd3 Bc5+ 22. Kh1 Rce7 23. h3 Bd6 24. b3 Be5 25. Na2 Bxa1 26. Rxa1 Re1+ 27. Rxe1 Rxe1+ 28. Kh2 d4 29. Nb4 Be4 30. Bxe4 Rxe4 31. Nd3 Re2 0-1